[Event "Défi"]
[Site "www.echecsemail.com"]
[Date "2026.01.20"]
[Round "1"]
[White "Chomi64"]
[Black "Kawa750"]
[WhiteElo "1800"]
[BlackElo "1800"]
[Result "1-0"]
1.d4 c6
2.e4 d5
3.Nb1c3 a6
4.Bc1g5 h6
5.Bg5h4 g5
6.Bh4g3 Bf8g7
7.e5 Bc8f5
8.Bf1e2 e6
9.h3 Ng8e7
10.f4 Nb8d7
11.Qd1d2 O-O
12.Ra1c1 b5
13.a3 c5
14.Ng1f3 Ne7c6
15.O-O cxd4
16.Nf3xd4 Nc6xd4
17.Qd2xd4 Qd8c7
18.Be2d3 Bf5xd3
19.cxd3 Qc7b7
20.Qd4e3 Rf8d8
21.d4 Nd7b6
22.fxg5 hxg5
23.Qe3xg5 Nb6c4
24.Rf1f4 Nc4e3
25.Rc1e1 Ne3f5
26.Bg3f2 Kh7
27.Qg5h5 Kg8
28.g4 Nf5h6
29.Bf2h4 Rd8d7
30.Bh4g5 Kh7
31.Re1f1 Ra8f8
32.Bg5xh6 Bg7xh6
33.Rf4f6 Kg8
34.Rf6xh6 { abandon }1-0

[Event "Défi"]
[Site "www.echecsemail.com"]
[Date "2026.01.20"]
[Round "1"]
[White "Pheno"]
[Black "Berjay"]
[WhiteElo "1700"]
[BlackElo "1700"]
[Result "0-1"]
1.d4 d5
2.c4 e6
3.Ng1f3 Ng8f6
4.Nf3e5 Bf8d6
5.Bc1f4 Nf6e4
6.Bf4g3 Bd6b4
7.Nb1c3 Ne4xc3
8.a3 Nc3xd1
9.axb4 Nd1xb2
10.Ra1c1 Qd8d6
11.c5 Qd6e7
12.e3 O-O
13.Bf1e2 Nb8c6
14.O-O Nc6xb4
15.Rc1c3 Nb2a4
16.Rc3b3 Nb4c6
17.Ne5f3 b6
18.Be2b5 Nc6a5
19.Bb5xa4 Na5xb3
20.Ba4xb3 Bc8a6
21.Rf1a1 Ba6e2
22.Nf3e1 bxc5
23.Ra1a2 Rf8b8
24.Bb3a4 Be2c4
25.Ra2c2 Rb8b1
26.f3 Qe7g5
27.f4 Qg5f5
28.dxc5 Bc4b5
29.Ba4xb5 Qf5xc2
30.Bb5c6 Qc2e2
31.h3 Ra8b8
32.Kh2 Rb8b2
33.Bc6a4 Rb1xe1
34.Bg3xe1 Qe2xg2
0-1

[Event "Défi( 10J+24H/c 10J Max )"]
[Site "www.echecsemail.com"]
[Date "2026.01.20"]
[Round "1"]
[White "Pascalou50"]
[Black "Hberlioz"]
[WhiteElo "1800"]
[BlackElo "1670"]
[Result "1-0"]
1.e4 d5
2.exd5 Ng8f6
3.d4 Bc8f5
4.Bf1d3 Bf5xd3
5.Qd1xd3 Nf6xd5
6.c3 Nb8c6
7.Ng1f3 Qd8d7
8.O-O h5
9.Bc1g5 f6
10.Qd3g6 Kd8
11.Bg5e3 e6
12.Rf1e1 Nc6e7
13.Qg6f7 c6
14.Nf3h4 Kc7
15.Nh4g6 Ne7xg6
16.Qf7xg6 Ra8e8
17.Nb1d2 Bf8d6
18.Nd2c4 f5
19.Nc4xd6 Qd7xd6
20.Qg6xg7 Kb8
21.Qg7e5 Qd6xe5
22.dxe5 f4
23.Be3d4 Rh8g8
24.f3 Rg8g6
25.Re1e2 h4
26.h3 Re8g8
27.Kh2 Nd5e7
28.Ra1d1 Ne7f5
29.Re2d2 b6
30.Bd4g1 Nf5g3
31.Rd2d8 Rg8xd8
32.Rd1xd8 Kb7
33.Rd8f8 Ng3e2
34.Rf8h8 c5
35.Rh8xh4 Kc6
36.Rh4g4 Rg6h6
37.Bg1f2 Kd5
38.g3 Kxe5
39.gxf4 Ne2xf4
40.h4 Nf4d3
41.Bf2g3 Kd5
42.b3 Rh6f6
43.Rg4g5 Kc6
44.Kg2 a5
45.h5 b5
46.Rg5g6 Nd3f4
47.Bg3xf4 Rf6xf4
48.Rg6xe6 Kd5
49.Re6a6 a4
50.Kg3 Rf4f8
51.h6 Rf8g8
52.Kh4 axb3
53.axb3 c4
54.bxc4 Kxc4
55.h7 Rg8h8
56.Ra6a7 Kxc3
57.Kh5 b4
58.Kh6 b3
59.Kg7 Rh8e8
60.h8Q Re8xh8
61.Kxh8 b2
62.Ra7b7 Kc2
63.Rb7xb2 Kxb2
64.f4 Kc3
65.f5 Kd4
66.f6 Ke5
67.f7 Ke6
68.f8Q Kd7
69.Kg7 Ke6
70.Qf8c5 Kd7
71.Kf7 Kd8
72.Qc5a7 Kc8
73.Ke6 Kd8
74.Qa7d7 1-0

[Event "Tournoi n27352"]
[Site "www.echecsemail.com"]
[Date "2026.01.20"]
[Round "1"]
[White "Jeff75019"]
[Black "Turbo"]
[WhiteElo "1450"]
[BlackElo "1290"]
[Result "1-0"]
1.e4 e5
2.Ng1f3 Nb8c6
3.Bf1c4 h6
4.Nf3xe5 Nc6xe5
5.Qd1h5 d6
6.Bc4b3 Bc8e6
7.Bb3xe6 Ng8f6
8.Be6xf7 Ne5xf7
9.Qh5b5 c6
10.Qb5xb7 Nf6xe4
11.Qb7xc6 Ke7
12.Qc6xe4 Nf7e5
13.Nb1c3 Kd7
14.Qe4a4 Ke6
15.d4 Ne5g4
16.d5 Kf7
17.Qa4xg4 Qd8f6
18.Nc3e4 Qf6d8
19.Qg4f5 Kg8
20.O-O Qd8c7
21.c3 Ra8e8
22.Qf5g6 Qc7d7
23.Ne4f6 1-0

[Event "Tournoi n27394"]
[Site "www.echecsemail.com"]
[Date "2026.01.20"]
[Round "1"]
[White "Zadkine1"]
[Black "Tiounet"]
[WhiteElo "1700"]
[BlackElo "1660"]
[Result "1-0"]
1.e4 a6
2.d4 b5
3.a3 Bc8b7
4.Nb1c3 g6
5.Ng1f3 Bf8g7
6.Bf1d3 Ng8f6
7.O-O O-O
8.e5 Nf6d5
9.Bc1d2 Nd5xc3
10.Bd2xc3 e6
11.Bc3d2 d6
12.Bd2g5 Qd8d7
13.Rf1e1 dxe5
14.dxe5 c5
15.Bg5f6 Nb8c6
16.Bf6xg7 Kxg7
17.Re1e4 Ra8d8
18.Re4h4 Qd7d5
19.Qd1d2 c4
20.Qd2h6 { abandon }1-0

[Event "Tournoi n27402"]
[Site "www.echecsemail.com"]
[Date "2026.01.20"]
[Round "1"]
[White "Verson"]
[Black "Wenoketo"]
[WhiteElo "1860"]
[BlackElo "1700"]
[Result "0-1"]
1.d4 d5
2.Ng1f3 Ng8f6
3.e3 Bc8f5
4.c4 dxc4
5.Bf1xc4 Bf5d7
6.Qd1b3 e6
7.Nb1d2 b6
8.O-O Nb8c6
9.e4 Bf8e7
10.Rf1e1 Nc6a5
11.Qb3d3 O-O
12.Nf3e5 Na5xc4
13.Nd2xc4 Bd7b5
14.b3 c5
15.Bc1e3 Be7d6
16.Qd3d2 Nf6xe4
17.Nc4xd6 Ne4xd2
{ abandon }0-1

[Event "Tournoi n27278"]
[Site "www.echecsemail.com"]
[Date "2026.01.20"]
[Round "1"]
[White "Wenoketo"]
[Black "Antoniof4"]
[WhiteElo "1610"]
[BlackElo "1550"]
[Result "1/2-1/2"]
1.d4 f5
2.Ng1f3 Ng8f6
3.e3 g6
4.Bf1c4 d5
5.Bc4b3 Bf8g7
6.Bc1d2 O-O
7.O-O e6
8.Nb1c3 Nb8c6
9.a3 Nf6e4
10.Nc3xe4 fxe4
11.Nf3e1 e5
12.dxe5 Nc6xe5
13.Bd2c3 Ne5g4
14.Bc3xg7 Kxg7
15.Qd1xd5 Qd8xd5
16.Bb3xd5 Ng4f6
17.Bd5b3 c6
18.c3 Rf8e8
19.Ne1c2 Bc8e6
20.Nc2d4 Be6xb3
21.Nd4xb3 Ra8d8
22.Ra1d1 b6
23.Rd1xd8 Re8xd8
24.Nb3d4 Rd8d6
25.h3 a6
26.Rf1c1 Nf6d5
27.Kf1 c5
28.Nd4c2 b5
29.Ke2 a5
30.Rc1d1 Kf6
31.Ke1 Ke5
32.Ke2 h5
33.Kf1 g5
34.Ke1 Rd6g6
35.Ke2 g4
36.h4 g3
37.f4 Kd6
38.Kd2 Rg6g4
39.Rd1h1 Nd5e7
40.b4 axb4
41.axb4 Ne7f5
42.bxc5 Kxc5
43.Nc2b4 Nf5xh4
44.Rh1g1 Nh4f5
45.Nb4a6 Kb6
46.Na6b4 h4
47.Nb4d5 Kc5
48.Nd5f6 Rg4g6
49.Nf6xe4 Kd5
50.Kd3 Rg6e6
51.Ne4g5 Re6xe3
52.Kd2 Kc4
53.Rg1c1 b4
54.cxb4 Kxb4
55.Rc1b1 Re3b3
56.Rb1xb3 Kxb3
57.Ke2 Kc3
58.Kf3 Nf5h6
59.Ng5e4 Kd4
60.Ne4d6 Kd5
61.Nd6e4 Ke6
62.Ne4g5 Kf5
63.Ng5h3 Nh6g4
64.Ke2 Ng4f2
65.Nh3xf2 gxf2
66.Kxf2 Kxf4
{ nul }1/2-1/2

[Event "Coupe Niveau 3"]
[Site "www.echecsemail.com"]
[Date "2026.01.20"]
[Round "1"]
[White "Verson"]
[Black "Legrillon"]
[WhiteElo "1880"]
[BlackElo "1750"]
[Result "0-1"]
1.d4 d5
2.Ng1f3 Ng8f6
3.e3 Bc8g4
4.Nb1d2 Nf6e4
5.c4 Ne4xd2
6.Bc1xd2 e6
7.Bf1e2 c6
8.O-O h5
9.b3 g6
10.h3 Bg4f5
11.Ra1c1 Bf8a3
12.cxd5 Ba3xc1
13.Qd1xc1 exd5
14.Qc1c3 O-O
15.Be2d3 Bf5xd3
16.Qc3xd3 b5
17.Bd2b4 Rf8e8
18.Rf1c1 Re8e6
19.Nf3e5 Nb8d7
20.Ne5xc6 Qd8e8
21.Qd3xb5 Nd7b6
22.Bb4a5 Ra8b8
23.Qb5c5 Rb8c8
24.Ba5xb6 Re6xc6
{ abandon }0-1

[Event "Tournoi n27369"]
[Site "www.echecsemail.com"]
[Date "2026.01.20"]
[Round "1"]
[White "Aramis"]
[Black "Foxie519"]
[WhiteElo "1570"]
[BlackElo "1700"]
[Result "0-1"]
1.d4 d5
2.e3 g6
3.h3 Bf8g7
4.Ng1f3 e6
5.c3 Ng8f6
6.Bf1d3 O-O
7.Nf3e5 Qd8e8
8.O-O a6
9.b3 Kh8
10.Nb1d2 b5
11.Nd2f3 Bc8b7
12.Bc1a3 Rf8g8
13.c4 c6
14.cxb5 cxb5
15.Ba3c5 Nb8c6
16.a3 Nf6d7
17.Ne5xd7 Qe8xd7
18.b4 f5
19.Ra1b1 Rg8e8
20.Nf3h2 e5
21.dxe5 Bg7xe5
22.Nh2f3 Be5g7
23.Rf1e1 Ra8d8
24.Nf3h2 Nc6e5
25.Bd3e2 Qd7c6
26.Bc5d4 Ne5c4
27.Bd4xg7 Kxg7
28.Be2f3 Nc4e5
29.Bf3e2 d4
30.Be2f3 Ne5xf3
31.Nh2xf3 dxe3
32.fxe3 Rd8xd1
33.Rb1xd1 Re8e7
34.Kf2 Qc6b6
35.g3 h6
36.h4 Qb6c6
37.e4 fxe4
38.Nf3d4 e3
39.Re1xe3 Qc6g2
40.Ke1 Re7xe3
41.Nd4e2 Qg2xe2
0-1

[Event "Défi"]
[Site "www.echecsemail.com"]
[Date "2026.01.20"]
[Round "1"]
[White "Whisky"]
[Black "Turbo"]
[WhiteElo "1320"]
[BlackElo "1290"]
[Result "0-1"]
1.Ng1f3 d5
2.g3 Ng8f6
3.Bf1g2 h6
4.O-O Nb8c6
5.d4 e6
6.c3 a6
7.Bc1f4 Nf6h5
8.Bf4e3 g5
9.Qd1d3 f5
10.Nf3e5 Nc6xe5
11.Qd3d1 c6
12.dxe5 Bf8g7
13.Be3d4 Bg7f8
14.e3 c5
15.g4 fxg4
16.Qd1xg4 Nh5g7
17.Nb1d2 cxd4
18.Qg4xd4 Ng7f5
19.Qd4a4 Bc8d7
20.Qa4d1 Bd7b5
21.b3 Bb5xf1
22.Qd1xf1 Qd8c7
23.Nd2f3 Qc7xc3
24.Ra1c1 Qc3a5
25.Rc1c2 Bf8g7
26.Bg2h3 Qa5d8
27.Bh3xf5 exf5
28.Qf1c1 g4
29.Rc2c7 gxf3
30.Rc7xg7 b5
31.Qc1c6 Kf8
32.Rg7d7 Qd8c8
33.Rd7c7 Qc8d8
34.Rc7d7 Qd8g5
35.Kf1 Qg5g2
36.Ke1 Qg2g1
37.Kd2 Qg1xf2
38.Kd3 Qf2e2
39.Kd4 Qe2d2
40.Kc5 Qd2xe3
41.Kd6 Ra8e8
42.Qc6xd5 Qe3b6
43.Qd5c6 Qb6xc6
44.Kxc6 Re8xe5
45.Rd7d1 Rh8g8
46.Rd1f1 Rg8g6
47.Kb7 Re5e7
48.Kc8 a5
49.Rf1xf3 Rg6a6
50.Rf3xf5 Ke8
51.Kb8 Ra6a7
52.Rf5xb5 Re7g7
53.h3 Kf8
54.b4 Ra7e7
55.bxa5 Re7e8
0-1

[Event "Défi"]
[Site "www.echecsemail.com"]
[Date "2026.01.20"]
[Round "1"]
[White "Algors"]
[Black "Vvvv"]
[WhiteElo "1770"]
[BlackElo "1740"]
[Result "1-0"]
1.d4 Ng8f6
2.c4 c5
3.d5 b5
4.cxb5 Qd8a5
5.Nb1c3 d6
6.Bc1d2 Qa5c7
7.e4 g6
8.g3 Bf8g7
9.Bf1g2 O-O
10.Ng1f3 Nb8d7
11.O-O Ra8b8
12.a4 Rf8e8
13.Rf1e1 Nd7b6
14.Bd2f4 Nf6h5
15.Qd1c1 e5
16.dxe6 fxe6
17.Bf4h6 Nb6c4
18.Bh6xg7 Nh5xg7
19.Qc1h6 Re8e7
20.Nf3g5 Ng7h5
21.b3 Nc4e5
22.Bg2h3 Rb8b7
23.Ra1b1 c4
24.bxc4 Ne5xc4
25.Ng5f3 Re7f7
26.Kg2 Rf7f6
27.Qh6g5 Rf6xf3
28.Kxf3 Kg7
29.Kg2 Nc4e5
30.Qg5d2 Qc7f7
31.Qd2e2 Rb7c7
32.Rb1b3 Ne5c4
33.Kg1 Nc4e5
34.Bh3g2 Ne5c4
35.Re1c1 Nc4e5
36.f4 Ne5c4
37.Nc3a2 Rc7c5
38.Rc1xc4 Rc5xc4
39.Qe2xc4 Bc8b7
40.Rb3c3 Bb7xe4
41.Qc4xe4 a5
42.b6 Kh6
43.Rc3c7 Qf7f6
44.b7 Qf6a1
45.Na2c1 Qa1b2
46.Nc1d3 Qb2b6
47.Kf1 Qb6xc7
48.Qe4c6 { abandon }1-0

[Event "Défi"]
[Site "www.echecsemail.com"]
[Date "2026.01.20"]
[Round "1"]
[White "Burgman"]
[Black "Khamis"]
[WhiteElo "2040"]
[BlackElo "1880"]
[Result "1/2-1/2"]
1.e4 c5
2.c3 Nb8c6
3.d4 cxd4
4.cxd4 d5
5.e5 Bc8f5
6.Ng1f3 h6
7.Nb1c3 e6
8.Bc1e3 Bf8b4
9.Bf1d3 Bf5xd3
10.Qd1xd3 Ng8e7
11.a3 Qd8a5
12.O-O Bb4xc3
13.bxc3 O-O
14.Rf1b1 Ra8b8
15.Rb1b5 Qa5d8
16.Ra1b1 b6
17.h3 Ne7f5
18.a4 Nf5xe3
19.fxe3 a6
20.Rb5b2 Nc6a5
21.Nf3d2 Qd8c7
22.Rb1c1 Qc7a7
23.c4 Rf8c8
24.Rb2c2 g6
25.cxd5 Rc8xc2
26.Rc1xc2 exd5
27.Qd3a3 Qa7d7
28.Qa3b4 Na5c6
29.Qb4b3 Nc6a5
30.Qb3a3 Rb8c8
31.Rc2xc8 Qd7xc8
32.Qa3d6 Na5c4
33.Nd2xc4 dxc4
34.Qd6xb6 c3
35.Qb6b1 c2
36.Qb1c1 Qc8c3
37.Kf2 Qc3d3
38.Ke1 Qd3e4
39.Kf2 Qe4d3
40.Ke1 Qd3b3
41.Kd2 Qb3xa4
42.Qc1xc2 Qa4a5
43.Kd3 Qa5b5
44.Qc2c4 Qb5b1
45.Qc4c2 Qb1b5
46.Kd2 a5
47.Qc2c8 Kg7
48.Qc8c3 a4
49.Qc3a3 g5
50.e4 Qb5a5
51.Kd3 Qa5b5
52.Kd2 Qb5a5
53.Kd3 Qa5b5
54.Kc3 Qb5c6
55.Kd3 Qc6b5
56.Kc3 Qb5c6
57.Kd3 Qc6b5
58.Kc3 1/2-1/2

[Event "Tournoi n27399"]
[Site "www.echecsemail.com"]
[Date "2026.01.20"]
[Round "1"]
[White "Tiounet"]
[Black "Chevalice"]
[WhiteElo "1660"]
[BlackElo "1680"]
[Result "0-1"]
1.a3 d5
2.b4 e5
3.Bc1b2 Bf8d6
4.Ng1f3 Qd8e7
5.g3 Ng8f6
6.Bf1g2 c6
7.O-O O-O
8.d3 Bc8g4
9.Nb1d2 Nb8d7
10.Rf1e1 h6
11.Ra1c1 b6
12.c4 Ra8c8
13.cxd5 cxd5
14.Nd2b3 Rf8e8
15.Rc1xc8 Re8xc8
16.Qd1a1 e4
17.dxe4 dxe4
18.Nf3d2 Bg4f5
19.Nb3d4 Bf5h7
20.Nd4b5 Bd6b8
21.e3 a6
22.Nb5d4 Nf6g4
23.Nd4b3 f5
24.Re1c1 Rc8f8
25.Nb3d4 Nd7e5
26.Rc1c2 Ne5d3
27.Nd4c6 Qe7d6
28.Bb2xg7 Rf8c8
29.Nc6xb8 Rc8xc2
30.h3 Ng4xf2
31.Nb8xa6 Rc2xd2
32.Bg7d4 Rd2d1
{ abandon }0-1

[Event "Tournoi n27403"]
[Site "www.echecsemail.com"]
[Date "2026.01.20"]
[Round "1"]
[White "Tiounet"]
[Black "Voyageur"]
[WhiteElo "1650"]
[BlackElo "1600"]
[Result "0-1"]
1.a3 g6
2.b4 Bf8g7
3.Nb1c3 b6
4.Bc1b2 Bc8b7
5.Ng1f3 d6
6.g3 Nb8d7
7.Bf1g2 Ng8f6
8.O-O O-O
9.d3 c5
10.bxc5 Nd7xc5
11.Nc3b5 Qd8d7
12.Nb5d4 e5
13.Nd4b3 Nc5a4
14.Qd1c1 Ra8c8
15.c4 b5
16.Nf3d2 bxc4
17.Bg2xb7 Qd7xb7
18.Nd2xc4 Qb7xb3
19.Ra1b1 Na4xb2
20.Rb1xb2 Qb3a4
21.Rb2b4 Qa4a6
22.Qc1b2 e4
23.Rf1c1 Nf6d5
24.Rb4b3 Bg7xb2
{ abandon }0-1

[Event "Défi( 10J+24H/c 10J Max )"]
[Site "www.echecsemail.com"]
[Date "2026.01.20"]
[Round "1"]
[White "Ziviol"]
[Black "Jlr"]
[WhiteElo "1400"]
[BlackElo "1360"]
[Result "0-1"]
1.e4 e5
2.Bf1c4 g6
3.Ng1f3 Bf8c5
4.O-O Ng8f6
5.d3 d6
6.Nf3g5 d5
7.exd5 Bc8g4
8.Qd1e1 Qd8d6
9.Nb1c3 h6
10.a3 hxg5
11.Bc1xg5 e4
12.Nc3xe4 Qd6xh2
0-1

[Event "gewinner"]
[Site "www.echecsemail.com"]
[Date "2026.01.20"]
[Round "1"]
[White "Dameroi"]
[Black "Anton17"]
[WhiteElo "1820"]
[BlackElo "1420"]
[Result "1-0"]
1.e4 e5
2.Bf1c4 Ng8f6
3.d3 Nb8c6
4.a3 Bf8c5
5.Bc1e3 Bc5b6
6.Bc4a2 O-O
7.Ng1f3 d6
8.Nb1c3 Bc8g4
9.h3 Bg4h5
10.g4 Bh5g6
11.Nc3e2 h6
12.Nf3h4 Nf6xe4
13.Nh4xg6 Rf8e8
14.dxe4 Bb6xe3
15.fxe3 Qd8g5
16.Qd1d3 Qg5xg6
17.O-O-O Ra8d8
18.Rd1f1 Qg6g5
19.Rf1f5 Qg5g6
20.Rh1f1 Re8e7
21.Rf5xf7 Re7xf7
22.Ba2xf7 Qg6xf7
23.Rf1xf7 Kxf7
24.Ne2g3 Rd8e8
25.Ng3f5 Nc6d8
26.Qd3f1 Kg6
27.Nf5h4 Kg5
28.Qf1f5 Kxh4
29.Qf5h5 { abandon }1-0

[Event "Transval 3"]
[Site "www.echecsemail.com"]
[Date "2026.01.20"]
[Round "1"]
[White "Patau"]
[Black "Sam"]
[WhiteElo "1720"]
[BlackElo "1670"]
[Result "1-0"]
1.e4 e5
2.Ng1f3 Nb8c6
3.d4 exd4
4.Nf3xd4 Qd8h4
5.Nd4xc6 Qh4xe4
6.Qd1e2 Qe4xe2
7.Bf1xe2 dxc6
8.O-O Ng8f6
9.Rf1e1 Bc8e6
10.Be2c4 O-O-O
11.Bc4xe6 fxe6
12.Bc1g5 Bf8c5
13.Nb1c3 Rd8f8
14.Re1xe6 Nf6g4
15.Bg5e3 Bc5d6
16.h3 Ng4xe3
17.fxe3 Bd6c5
18.Ra1f1 Rf8xf1
19.Kxf1 Rh8f8
20.Ke2 Kd7
21.Re6e4 g6
22.Nc3a4 Bc5d6
23.c4 Bd6g3
24.Na4c5 Kc8
25.Kd3 Rf8f2
26.Re4e8 1-0

[Event "Tournoi n27402"]
[Site "www.echecsemail.com"]
[Date "2026.01.20"]
[Round "1"]
[White "Wenoketo"]
[Black "Tartu"]
[WhiteElo "1700"]
[BlackElo "1740"]
[Result "1-0"]
1.d4 f5
2.Ng1f3 Ng8f6
3.Bc1f4 d6
4.h3 Nb8c6
5.e3 e6
6.Bf1d3 Bf8e7
7.O-O O-O
8.Nb1d2 Bc8d7
9.a3 Kh8
10.Ra1c1 a6
11.Bf4h2 Qd8e8
12.c3 b5
13.c4 bxc4
14.Bd3xc4 d5
15.Bc4a2 Be7d6
16.Bh2xd6 cxd6
17.Rc1c2 Qe8g6
18.Ba2b1 Nf6e4
19.Nd2xe4 fxe4
20.Nf3h4 Qg6f7
21.g4 Ra8c8
22.Nh4g2 Nc6a5
23.Rc2xc8 Rf8xc8
24.Qd1d2 Na5c4
25.Qd2d1 Nc4xb2
26.Qd1b3 Nb2c4
27.Bb1a2 Qf7f3
28.Qb3b7 Qf3xh3
29.Qb7xd7 Rc8f8
30.Ba2xc4 dxc4
31.Qd7xe6 d5
32.Ng2f4 { abandon }1-0

[Event "Tournoi n27395"]
[Site "www.echecsemail.com"]
[Date "2026.01.20"]
[Round "1"]
[White "Tiounet"]
[Black "Aramis"]
[WhiteElo "1660"]
[BlackElo "1580"]
[Result "1/2-1/2"]
1.a3 e5
2.b4 d6
3.Bc1b2 b5
4.g3 Bc8b7
5.Ng1f3 Bf8e7
6.Bf1g2 Be7f6
7.O-O Ng8h6
8.Nb1c3 O-O
9.Nc3xb5 a6
10.Nb5c3 Nb8d7
11.d3 Nd7b6
12.Nc3e4 Bb7xe4
13.dxe4 Ra8b8
14.Qd1d3 Rb8a8
15.Qd3b3 a5
16.b5 a4
17.Qb3c3 Nb6c8
18.Rf1d1 Qd8e7
19.Qc3c6 Nc8a7
20.Qc6c4 Na7c8
21.Qc4d5 Ra8a7
22.Nf3d2 Qe7d7
23.Nd2c4 Nc8e7
24.Qd5d3 Qd7d8
25.Nc4e3 Ne7c8
26.c4 Ra7a8
27.Ne3d5 Nc8b6
28.Nd5xb6 cxb6
29.Qd3xd6 Qd8xd6
30.Rd1xd6 Ra8b8
31.Bb2c1 Bf6e7
32.Rd6d7 Be7f6
33.Bc1xh6 gxh6
34.Rd7d6 Bf6e7
35.Rd6d7 Rf8e8
36.e3 Rb8d8
37.Rd7xd8 Re8xd8
38.h4 Rd8d3
39.Bg2f1 Rd3xa3
40.Ra1xa3 Be7xa3
41.Bf1e2 Ba3e7
42.Be2d1 a3
43.Bd1b3 Kf8
44.h5 f6
45.g4 Be7c5
46.Kf1 Kg7
47.Ke2 Kf7
48.Kd3 Ke6
49.f4 exf4
50.exf4 Kd6
51.Bb3a2 Ke6
52.Ke2 Kd6
53.Kf3 Ke7
54.f5 Kd6
55.Kf4 Bc5d4
56.Ba2b3 Bd4e5
57.Ke3 { nul }1/2-1/2

[Event "Tournoi n27374"]
[Site "www.echecsemail.com"]
[Date "2026.01.20"]
[Round "1"]
[White "Gognol"]
[Black "Desaintfegor"]
[WhiteElo "1900"]
[BlackElo "1820"]
[Result "1-0"]
1.e4 e5
2.Ng1f3 Nb8c6
3.a3 d6
4.Bf1c4 h6
5.h3 Bc8e6
6.Bc4xe6 fxe6
7.O-O Qd8e7
8.c3 O-O-O
9.b4 a6
10.a4 g5
11.d3 Qe7f6
12.b5 axb5
13.axb5 Nc6b8
14.Bc1b2 Kd7
15.c4 Ng8e7
16.c5 Ne7g6
17.d4 Ke7
18.Qd1c2 Nb8d7
19.cxd6 cxd6
20.Qc2c7 Rd8b8
21.Bb2a3 Ke8
22.Ba3b2 Bf8g7
23.Qc7xd6 Bg7f8
24.Qd6c7 Qf6d8
25.Qc7c4 Qd8e7
26.Nb1d2 Bf8g7
27.Nd2b3 Kf7
28.Bb2a3 Qe7e8
29.Rf1d1 Nd7b6
30.Qc4e2 Ng6f4
31.Qe2f1 exd4
32.Nb3xd4 Nb6d7
33.Ra1b1 Nd7b6
34.g3 Nf4g6
35.Qf1d3 Ng6e5
36.Qd3b3 Nb6c4
37.Ba3b4 Ne5xf3
38.Qb3xf3 Kg6
39.Bb4c3 Nc4e5
40.Qf3e2 Rb8d8
41.Kh1 Rh8f8
42.h4 Qe8e7
43.h5 Kh7
44.Bc3b4 Qe7f7
45.Bb4xf8 Rd8xf8
46.Rb1b2 Ne5c4
47.Qe2xc4 Qf7xh5
48.Kg2 Qh5xd1
49.Nd4xe6 Bg7xb2
50.Ne6xf8 Kg7
51.Nf8e6 Kg6
52.Ne6c5 Bb2d4
53.Nc5xb7 Qd1d2
54.Qc4e6 Kg7
55.Qe6f5 Bd4f6
56.Nb7c5 Qd2d6
57.Nc5d7 Bf6d8
58.Qf5e5 Qd6xe5
59.Nd7xe5 Kf6
60.Ne5g4 Kg6
61.Kf3 h5
62.Ng4e3 g4
63.Ke2 Kg5
64.Ne3d5 Bd8a5
65.b6 Ba5xb6
66.Nd5xb6 { abandon }1-0

[Event "XERTIGNY  VOSGES"]
[Site "www.echecsemail.com"]
[Date "2026.01.20"]
[Round "1"]
[White "4x4"]
[Black "Rachess"]
[WhiteElo "1460"]
[BlackElo "1560"]
[Result "0-1"]
1.e4 e5
2.Ng1f3 Ng8f6
3.Bf1c4 Nf6xe4
4.d3 Ne4d6
5.Nb1c3 Nd6xc4
6.dxc4 Nb8c6
7.Bc1e3 f5
8.Nc3d5 f4
9.Be3d2 a6
10.b3 Bf8c5
11.Qd1e2 O-O
12.O-O-O d6
13.Rh1f1 Nc6d4
14.Nf3xd4 Bc5xd4
15.c3 Bd4a7
16.f3 c6
17.Nd5b4 Qd8a5
18.Kb2 Bc8f5
19.a3 b5
20.Nb4xc6 Qa5c7
21.Nc6b4 bxc4
22.bxc4 Ra8b8
23.Ka2 a5
24.Nb4d5 Qc7b7
25.Bd2e1 Ba7c5
26.Be1f2 Bc5xa3
27.Kxa3 Qb7b3
0-1

[Event "Eq:Avalon-Vikings :"]
[Site "www.echecsemail.com"]
[Date "2026.01.20"]
[Round "1"]
[White "Seb"]
[Black "Biquet"]
[WhiteElo "1920"]
[BlackElo "1850"]
[Result "1-0"]
1.d4 e6
2.c4 d5
3.Nb1c3 c6
4.g3 h6
5.Ng1f3 Ng8f6
6.Bf1g2 Bf8e7
7.Nf3e5 Nb8d7
8.f4 Nd7xe5
9.fxe5 Nf6d7
10.O-O c5
11.e3 b6
12.cxd5 Bc8b7
13.d6 Be7g5
14.Bg2xb7 Ra8b8
15.Qd1f3 O-O
16.Bb7e4 f5
17.exf6 Rf8xf6
18.Qf3e2 Qd8f8
19.Bc1d2 Qf8xd6
20.Be4c2 Rb8f8
21.Nc3e4 Rf6xf1
22.Ra1xf1 Rf8xf1
23.Qe2xf1 cxd4
24.Ne4xd6 { abandon }1-0

[Event "CC Automne 2025"]
[Site "www.echecsemail.com"]
[Date "2026.01.20"]
[Round "1"]
[White "Alain64"]
[Black "Rons"]
[WhiteElo "2130"]
[BlackElo "2580"]
[Result "0-1"]
1.c4 e5
2.Nb1c3 Ng8f6
3.g3 c6
4.Bf1g2 d5
5.cxd5 cxd5
6.d4 exd4
7.Qd1xd4 Nb8c6
8.Qd4a4 d4
9.Nc3e4 Bf8b4
10.Bc1d2 Bb4xd2
11.Ne4xd2 O-O
12.Ng1f3 Rf8e8
13.Nd2b3 Bc8g4
14.O-O Re8xe2
15.Nb3xd4 Bg4xf3
16.Nd4xf3 Qd8b6
17.Ra1e1 Re2xb2
18.Nf3g5 h6
19.Ng5f3 Ra8d8
20.Nf3e5 Nc6xe5
21.Re1xe5 Rd8d4
22.Qa4a3 Rd4d1
23.Qa3e3 Qb6xe3
24.Re5xe3 Rd1d7
25.Re3b3 Rb2xa2
26.Bg2xb7 g6
27.h4 a5
28.Bb7c6 Rd7a7
29.Rb3b1 a4
30.Rb1a1 Ra2xa1
31.Rf1xa1 a3
32.f4 a2
33.Kf2 Ra7a3
34.Bc6f3 Kf8
35.Kg2 Ke7
36.Bf3e2 Nf6d5
37.Be2c4 Nd5e3
{ abandon }0-1

[Event "Eq:Fair play-LES CHATTERBOX :"]
[Site "www.echecsemail.com"]
[Date "2026.01.20"]
[Round "1"]
[White "Hberlioz"]
[Black "Papyrolo"]
[WhiteElo "1690"]
[BlackElo "2080"]
[Result "0-1"]
1.e4 c6
2.d4 d5
3.e5 e6
4.f4 Nb8d7
5.Ng1f3 c5
6.Bf1b5 Qd8a5
7.Nb1c3 cxd4
8.Nf3xd4 a6
9.Bb5d3 Ng8e7
10.Bc1d2 Qa5b6
11.Nd4b3 Ne7c6
12.Qd1e2 a5
13.Bd3b5 Nc6d4
14.Nb3xd4 Qb6xd4
15.Bb5xd7 Bc8xd7
16.Nc3b5 Qd4b6
17.a4 Bf8c5
18.O-O-O O-O
19.h4 Rf8c8
20.g4 Bc5e7
21.Nb5c3 Rc8c4
22.Bd2e3 Be7c5
23.Rd1d3 d4
24.Be3xd4 Bc5xd4
25.b3 Rc4xc3
26.Qe2e4 Rc3xd3
27.Qe4xd3 Bd7xa4
28.bxa4 Ra8d8
29.Rh1d1 Bd4e3
{ abandon }0-1

[Event "Tournoi n27394"]
[Site "www.echecsemail.com"]
[Date "2026.01.20"]
[Round "1"]
[White "Vb83"]
[Black "Zadkine1"]
[WhiteElo "1470"]
[BlackElo "1700"]
[Result "0-1"]
1.d4 d5
2.Nb1c3 Ng8f6
3.f3 Nb8c6
4.g4 h6
5.Bc1f4 a6
6.h3 e6
7.e3 Bf8b4
8.Ng1e2 O-O
9.a3 Bb4a5
10.b4 Ba5b6
11.Bf1g2 Qd8e7
12.O-O e5
13.Bf4g3 exd4
14.exd4 Nc6xd4
15.Kh1 Nd4xe2
16.Rf1e1 Ne2xg3
17.Kh2 Qe7d6
18.f4 Qd6xf4
19.Qd1f3 Ng3f1
{ abandon }0-1

[Event "Eq:Avalon-La Diagonale du Fou :"]
[Site "www.echecsemail.com"]
[Date "2026.01.20"]
[Round "1"]
[White "Neddy"]
[Black "Roxane"]
[WhiteElo "1410"]
[BlackElo "1450"]
[Result "1-0"]
1.e4 c5
2.d4 e6
3.e5 Nb8c6
4.Ng1f3 Ng8e7
5.dxc5 Qd8a5
6.Bc1d2 Qa5c7
7.Bd2f4 g6
8.Bf1b5 Bf8g7
9.Qd1e2 a6
10.Nb1c3 axb5
11.Nc3xb5 Qc7a5
12.Bf4d2 Nc6b4
13.Nb5d6 Kf8
14.a3 Nb4xc2
15.Kf1 Qa5xc5
16.Ra1c1 Bg7xe5
17.Nf3xe5 Qc5xd6
18.Rc1xc2 Ne7g8
19.Bd2b4 Qd6xb4
20.axb4 Ra8a1
21.Qe2e1 Ra1xe1
22.Kxe1 Ng8e7
23.Rc2d2 Kg7
24.Ne5xd7 Bc8xd7
25.Rd2xd7 Ne7f5
26.Rd7xb7 Nf5d4
27.Kd2 Rh8d8
28.Rh1d1 Nd4f5
29.Ke2 Rd8xd1
30.Kxd1 Nf5h4
31.g3 Nh4f3
32.b5 Nf3xh2
33.b6 Nh2f3
34.Rb7c7 Nf3d4
35.b7 Nd4b5
36.Rc7d7 Kh6
37.b8Q Nb5c3
38.Kc2 Nc3e4
39.f4 Ne4xg3
40.Rd7xf7 Ng3e4
41.Qb8h8 Ne4c5
42.Qh8xh7 1-0

[Event "Défi"]
[Site "www.echecsemail.com"]
[Date "2026.01.20"]
[Round "1"]
[White "Whisky"]
[Black "Jojo91"]
[WhiteElo "1320"]
[BlackElo "1380"]
[Result "0-1"]
1.Ng1f3 d5
2.d4 Nb8c6
3.Nf3e5 e6
4.Ne5xc6 bxc6
5.g3 Bf8b4
6.c3 Bb4a5
7.b4 Ba5b6
8.a4 Qd8f6
9.f3 Ng8h6
10.Bc1xh6 Qf6xh6
11.Bf1g2 O-O
12.h4 a5
13.b5 cxb5
14.axb5 Bc8d7
15.Qd1d3 a4
16.Qd3c2 Bd7xb5
17.Nb1d2 a3
18.g4 Qh6f6
19.g5 Qf6e7
20.Qc2b3 Ra8a5
21.Nd2b1 e5
22.Nb1xa3 exd4
23.O-O d3
24.Kh1 dxe2
25.Rf1e1 Qe7e5
26.Qb3c2 Qe5g3
27.Na3xb5 Ra5xb5
28.Re1xe2 Qg3xh4
29.Bg2h3 Qh4xh3
30.Re2h2 Qh3xf3
31.Rh2g2 d4
32.Ra1b1 Rb5xg5
33.Qc2f2 Qf3h3
34.Rg2h2 Qh3xc3
35.Rb1d1 d3
36.Qf2d2 Qc3c6
37.Rh2g2 Rg5h5
0-1

[Event "Défi"]
[Site "www.echecsemail.com"]
[Date "2026.01.20"]
[Round "1"]
[White "Berjay"]
[Black "Pj612"]
[WhiteElo "1710"]
[BlackElo "1740"]
[Result "1-0"]
1.e4 e5
2.Ng1f3 d6
3.Bf1c4 h6
4.d3 Bc8g4
5.O-O Ng8f6
6.Nb1d2 Bf8e7
7.Qd1e1 O-O
8.Nf3h4 Kh7
9.f3 Bg4h5
10.Qe1g3 c6
11.Nd2b3 b5
12.Nh4f5 Rf8g8
13.Nb3d2 g6
14.Nf5xe7 Qd8xe7
15.Bc4b3 a5
16.f4 a4
17.fxe5 dxe5
18.Bb3xf7 Qe7xf7
19.Nd2f3 Nb8d7
20.Bc1e3 g5
21.Nf3xe5 Qf7e6
22.Be3d4 Ra8f8
23.Rf1f2 c5
24.Ne5xd7 Nf6xd7
25.Ra1f1 cxd4
26.Qg3c7 Rg8g7
27.Rf2xf8 Bh5f7
28.Rf8d8 Bf7g6
29.Qc7c8 Bg6f7
30.Rd8xd7 Bf7e8
31.Rd7xg7 { abandon }1-0

[Event "Tournoi échelle division 1"]
[Site "www.echecsemail.com"]
[Date "2026.01.20"]
[Round "1"]
[White "Luc20"]
[Black "Domenico"]
[WhiteElo "1820"]
[BlackElo "1780"]
[Result "1-0"]
1.d4 d5
2.Ng1f3 Bc8f5
3.c4 e6
4.Nb1c3 dxc4
5.e4 Bf5g6
6.Bf1xc4 Bf8e7
7.O-O Ng8f6
8.Rf1e1 O-O
9.Nf3e5 Nb8d7
10.Ne5xg6 hxg6
11.Bc1g5 c6
12.e5 Nf6h5
13.Bg5xe7 Qd8xe7
14.Nc3e4 b5
15.Bc4b3 Qe7h4
16.Ne4d6 Nh5f4
17.Re1e4 Qh4g5
18.Qd1f3 Nf4d5
19.Bb3xd5 cxd5
20.Re4g4 Qg5d2
21.b3 a5
22.Rg4h4 Ra8a6
23.Qf3h3 Qd2h6
24.Rh4xh6 { abandon }1-0